Las restricciones en el uso de los predicados estativos en la lengua española

El objetivo de este artículo es analizar el comportamiento de los predicados estativos de la lengua española, en particular su compatibilidad con algunos adverbios, algunas perífrasis verbales y el modo imperativo. Para realizar esto, es necesario distinguir los verbos y predicados de estado de los...

Teljes leírás

Elmentve itt :
Bibliográfiai részletek
Szerző: Némethné Erdélyi Csilla
Dokumentumtípus: Cikk
Megjelent: Universidad de Szeged, Departamento de Estudios Hispánicos Szeged 2020
Sorozat:Acta hispanica 25
Kulcsszavak:Spanyol nyelv, Nyelvészet - spanyol
Tárgyszavak:
doi:10.14232/actahisp.2020.25.67-86

Online Access:http://acta.bibl.u-szeged.hu/71769
LEADER 01991nab a2200229 i 4500
001 acta71769
005 20220720084340.0
008 210203s2020 hu o 0|| spa d
022 |a 1416-7263 
024 7 |a 10.14232/actahisp.2020.25.67-86  |2 doi 
040 |a SZTE Egyetemi Kiadványok Repozitórium  |b hun 
041 |a spa 
100 2 |a Némethné Erdélyi Csilla 
245 1 0 |a Las restricciones en el uso de los predicados estativos en la lengua española  |h [elektronikus dokumentum] /  |c  Némethné Erdélyi Csilla 
260 |a Universidad de Szeged, Departamento de Estudios Hispánicos  |b Szeged  |c 2020 
300 |a 67-86 
490 0 |a Acta hispanica  |v 25 
520 3 |a El objetivo de este artículo es analizar el comportamiento de los predicados estativos de la lengua española, en particular su compatibilidad con algunos adverbios, algunas perífrasis verbales y el modo imperativo. Para realizar esto, es necesario distinguir los verbos y predicados de estado de los verbos dinámicos y hacer una clasificación de las situaciones que describen un estado. En conclusión voy a determinar diferentes grupos entre los predicados estativos dependiendo de los diferentes estados descritos. The aim of this article is to analyse the behaviour of stative predicates in Spanish, particularly their compatibility with some adverbs, some verbal periphrasis and the imperative mode. In order to do this it is necessary to distinguish the stative verbs and predicates from the dynamic verbs and distinguish the stable situations from each other. I will create some groups between the stative predicates to see the differences between the states. In conclusion I will determine different groups of the stative predicates in dependence from the different states described in the article. 
650 4 |a Bölcsészettudományok 
650 4 |a Nyelvek és irodalom 
695 |a Spanyol nyelv, Nyelvészet - spanyol 
856 4 0 |u http://acta.bibl.u-szeged.hu/71769/1/hispanica_025_067-086.pdf  |z Dokumentum-elérés